Analýza zamestnanosti vo vybraných odvetviach národného hospodárstva Slovenskej republiky
Analýza miery zamestnanosti na úrovni NUTS 3 v 8 krajoch SR. Intenzita zamestnanosti v jednotlivých regiónoch je vyjadrená polohovým koeficientom, ktorý dáva odpoveď na otázku, či je zamestnanosť koncentrovaná v jednotlivých krajoch, alebo je rozmiestnená rovnomerne v porovnaní s celkovým územím SR....
Salvato in:
| Autore principale: | |
|---|---|
| Altri autori: | , |
| Natura: | Capitolo di libro |
| Lingua: | slovacco |
| Soggetti: | |
| Tags: |
Nessun Tag, puoi essere il primo ad aggiungerne!!
|
MARC
| LEADER | 00000naa$a2200000$$$4500 | ||
|---|---|---|---|
| 001 | 0088715 | ||
| 005 | 20220715093549.1 | ||
| 041 | 0 | |a slo | |
| 044 | |a SK | ||
| 245 | 1 | 0 | |a Analýza zamestnanosti vo vybraných odvetviach národného hospodárstva Slovenskej republiky |c Martina Hanová, Štefan Kováč, Renáta Prokeinová |
| 520 | |a Analýza miery zamestnanosti na úrovni NUTS 3 v 8 krajoch SR. Intenzita zamestnanosti v jednotlivých regiónoch je vyjadrená polohovým koeficientom, ktorý dáva odpoveď na otázku, či je zamestnanosť koncentrovaná v jednotlivých krajoch, alebo je rozmiestnená rovnomerne v porovnaní s celkovým územím SR. Výsledky. | ||
| 610 | 2 | 0 | |a zamestnanosť |
| 610 | 2 | 0 | |a disparita |
| 610 | 2 | 0 | |a regióny |
| 610 | 2 | 0 | |a regióny politicko-administratívne |
| 610 | 2 | 0 | |a metódy štatistické |
| 610 | 2 | 0 | |a štatistika aplikovaná |
| 610 | 2 | 0 | |a štatistika |
| 610 | 2 | 0 | |a Slovensko |
| 100 | 1 | |a Hanová, Martina | |
| 700 | 1 | |a Kováč, Štefan | |
| 700 | 1 | |a Prokeinová, Renáta | |